|
|
|
|
| LEADER |
01525nam a2200409 a 4500 |
| 001 |
000034325 |
| 003 |
CZ BrMZK |
| 005 |
20190824214707.0 |
| 007 |
ta |
| 008 |
010907s1995 xr f cze d |
| 015 |
|
|
|a cnb000113964
|
| 020 |
|
|
|a 80-85647-92-3
|q (v knize neuvedeno ;
|q brož.)
|z 80-85647-08-7
|
| 035 |
|
|
|a (OCoLC)84907485
|
| 040 |
|
|
|a ABA001
|b cze
|d BOA001
|
| 043 |
|
|
|a e-xr---
|
| 045 |
|
|
|a x9x9
|
| 072 |
|
7 |
|a 342
|x Ústavní právo. Správní právo
|2 Konspekt
|9 16
|
| 080 |
|
|
|a 35
|2 undef
|
| 080 |
|
|
|a 342.9
|2 undef
|
| 245 |
0 |
0 |
|a Správní řád :
|b komentář /
|c sestavili, uspořádali a komentářem opatřili Eva Matrasová ... [et al.]
|
| 250 |
|
|
|a 2., aktualiz. vyd., podle právního stavu k 1.10.1995
|
| 260 |
|
|
|a Praha :
|b Linde,
|c [1995]
|
| 300 |
|
|
|a 289 s. ;
|c 21 cm
|
| 500 |
|
|
|a Obálka Michala Vydrová
|
| 504 |
|
|
|a Věcný rejstřík
|
| 504 |
|
|
|a Odkazy na právní normy
|
| 650 |
0 |
7 |
|a správní řízení
|7 ph125982
|z Česko
|2 czenas
|
| 653 |
0 |
|
|a správní řád
|
| 655 |
|
7 |
|a zákony
|7 fd133886
|2 czenas
|
| 655 |
|
7 |
|a komentáře
|7 fd132578
|2 czenas
|
| 700 |
1 |
|
|a Matrasová, Eva
|7 jn20001227813
|4 aut
|
| 700 |
1 |
|
|a Vydrová, Michaela
|7 jx20031130172
|4 bjd
|
| 787 |
0 |
|
|a Česká republika.
|t Správní řád (1967)
|
| 910 |
|
|
|a BOA001
|b 2-1013.620
|
| 990 |
|
|
|a BK
|
| 996 |
7 |
|
|b 2610027015
|c 2-1013.620
|l MZK
|r Sklad / do 1 hodiny
|n 15
|p p.v.
|w 000034325
|u 000010
|a 1
|e BOA001
|j MZK50
|s A
|
| 996 |
6 |
|
|b 2610027016
|c 2-1013.620
|l MZK
|r Sklad / do 1 hodiny
|n 2
|p kup
|w 000034325
|u 000020
|a 1
|e BOA001
|j MZK50
|s P
|